000 00529nam a2200217Ia 4500
005 20241129115523.0
008 241129s9999||||xx |||||||||||||| ||und||
020 _a9783110686562
037 _aTB
040 _aSDCL
_beng
_cSDCL
041 _aeng
_2eng
084 _aB316 R0
_qSDCL
100 _aRichmanond T.
_9727649
245 0 _aGeneral topology
260 _aUSA
_bDe Gruyter
_c2020
300 _ax,314p
365 _aEUR
_b89.95
650 _aGift
942 _cTB
_hB316 R0
999 _c1230797
_d1230797